<?xml version="1.0" encoding="UTF-8"?><?xml-stylesheet type="text/xsl" href="static/style.xsl"?><OAI-PMH xmlns="http://www.openarchives.org/OAI/2.0/" xmlns:xsi="http://www.w3.org/2001/XMLSchema-instance" xsi:schemaLocation="http://www.openarchives.org/OAI/2.0/ http://www.openarchives.org/OAI/2.0/OAI-PMH.xsd"><responseDate>2026-04-19T11:32:55Z</responseDate><request verb="GetRecord" identifier="oai:www.recercat.cat:2072/251405" metadataPrefix="marc">https://recercat.cat/oai/request</request><GetRecord><record><header><identifier>oai:recercat.cat:2072/251405</identifier><datestamp>2024-12-13T09:27:30Z</datestamp><setSpec>com_2072_63425</setSpec><setSpec>com_2072_63424</setSpec><setSpec>com_2072_63412</setSpec><setSpec>com_2072_2015</setSpec><setSpec>col_2072_63426</setSpec></header><metadata><record xmlns="http://www.loc.gov/MARC21/slim" xmlns:dcterms="http://purl.org/dc/terms/" xmlns:xsi="http://www.w3.org/2001/XMLSchema-instance" xmlns:doc="http://www.lyncode.com/xoai" xsi:schemaLocation="http://www.loc.gov/MARC21/slim http://www.loc.gov/standards/marcxml/schema/MARC21slim.xsd">
   <leader>00925njm 22002777a 4500</leader>
   <datafield ind2=" " ind1=" " tag="042">
      <subfield code="a">dc</subfield>
   </datafield>
   <datafield ind2=" " ind1=" " tag="720">
      <subfield code="a">Ruiz Alderton, Daniel</subfield>
      <subfield code="e">author</subfield>
   </datafield>
   <datafield ind2=" " ind1=" " tag="520">
      <subfield code="a">Implantació d'un sistema de Business Intelligence (BI) a la Fundació Banc de Sang i Teixits de les Illes Balears (FBSTIB) per compensar les deficiències i limitacions dels sistemes d'administració de la cadena de producció (SCM), sobretot en matèria de reporting i d'ajuda a la presa de decisions. L'abast del projecte comprèn la planificació, anàlisi, disseny i desenvolupament d'un data warehouse i un dashboard envoltant els processos de subministrament de sang, la previsió d'entrada d'unitats en base a la planificació de convocatòries i les sol·licituds d'unitats per part dels hospitals, sempre assegurant el proveïment hospitalari i fent previsions de futur per evitar el desproveïment i actuar en conseqüència.</subfield>
   </datafield>
   <datafield ind2=" " ind1=" " tag="520">
      <subfield code="a">Implantación de un sistema de Business Intelligence (BI) a la Fundación Banco de Sangre y Tejidos de las Islas Baleares (FBSTIB) para compensar las deficiencias y limitaciones de los sistemas de administración de la cadena de producción (SCM), sobre todo en materia de reporting y de ayuda a la toma de decisiones. El alcance del proyecto comprende la planificación, análisis, diseño y desarrollo de un data warehouse y un dashboard rodeando los procesos de suministro de sangre, la previsión de entrada de unidades en base a la planificación de convocatorias y las solicitudes de unidades por parte de los hospitales, siempre asegurando el abastecimiento hospitalario y haciendo previsiones de futuro para evitar el desabastecimiento y actuar en consecuencia.</subfield>
   </datafield>
   <datafield ind2=" " ind1=" " tag="520">
      <subfield code="a">Bachelor thesis for the Computer Science program.</subfield>
   </datafield>
   <datafield ind1="8" ind2=" " tag="024">
      <subfield code="a">http://hdl.handle.net/10609/42702</subfield>
   </datafield>
   <datafield tag="653" ind2=" " ind1=" ">
      <subfield code="a">business intelligence</subfield>
   </datafield>
   <datafield tag="653" ind2=" " ind1=" ">
      <subfield code="a">business intelligence</subfield>
   </datafield>
   <datafield tag="653" ind2=" " ind1=" ">
      <subfield code="a">dashboard</subfield>
   </datafield>
   <datafield tag="653" ind2=" " ind1=" ">
      <subfield code="a">magatzem de dades</subfield>
   </datafield>
   <datafield tag="653" ind2=" " ind1=" ">
      <subfield code="a">business intelligence</subfield>
   </datafield>
   <datafield tag="653" ind2=" " ind1=" ">
      <subfield code="a">dashboard</subfield>
   </datafield>
   <datafield tag="653" ind2=" " ind1=" ">
      <subfield code="a">dashboard</subfield>
   </datafield>
   <datafield tag="653" ind2=" " ind1=" ">
      <subfield code="a">almacén de datos</subfield>
   </datafield>
   <datafield tag="653" ind2=" " ind1=" ">
      <subfield code="a">data warehouse</subfield>
   </datafield>
   <datafield tag="653" ind2=" " ind1=" ">
      <subfield code="a">Data warehousing -- TFG</subfield>
   </datafield>
   <datafield tag="653" ind2=" " ind1=" ">
      <subfield code="a">Gestor de dades -- TFG</subfield>
   </datafield>
   <datafield tag="653" ind2=" " ind1=" ">
      <subfield code="a">Gestor de datos -- TFG</subfield>
   </datafield>
   <datafield ind2="0" ind1="0" tag="245">
      <subfield code="a">Implantació d'un sistema de business intelligence al Banc de Sang de les Illes Balears</subfield>
   </datafield>
</record></metadata></record></GetRecord></OAI-PMH>